|
|
|
|
| LEADER |
00000nam0a2200000 4500 |
| 001 |
256655 |
| 005 |
20231101233132.0 |
| 010 |
|
|
|a 5247002822
|
| 020 |
|
|
|a RU
|b 88-3718
|
| 035 |
|
|
|a (RuTPU)RU\TPU\book\279382
|
| 090 |
|
|
|a 256655
|
| 100 |
|
|
|a 20140410d1988 k a0rusy5003 ca
|
| 101 |
0 |
|
|a rus
|
| 102 |
|
|
|a RU
|
| 105 |
|
|
|a y z 001zy
|
| 200 |
1 |
|
|a Автоматизированная система управления материально-техническим обеспечением нефтегазодобывающего объединения
|f М. С. Садыхов
|
| 210 |
|
|
|a Москва
|c Недра
|d 1988
|
| 215 |
|
|
|a 152 с.
|
| 320 |
|
|
|a Библиогр. : с. 146 (19 назв.)
|
| 606 |
1 |
|
|a Газ и нефть
|x Добыча
|2 stltpush
|3 (RuTPU)RU\TPU\subj\4531
|9 32791
|
| 610 |
1 |
|
|a нефтедобывающая промышленность
|
| 610 |
1 |
|
|a газовая промышленность
|
| 610 |
1 |
|
|a автоматизированные системы планирования
|
| 610 |
1 |
|
|a нефтедобывающие объединения
|
| 610 |
1 |
|
|a материально-техническое снабжение
|
| 610 |
1 |
|
|a управление
|
| 610 |
1 |
|
|a автоматизированные системы управления
|
| 675 |
|
|
|a 622.32
|z rus
|
| 700 |
|
1 |
|a Садыхов
|b М. С.
|g Магарам Садыкович
|4 070
|
| 801 |
|
0 |
|a RU
|b RuMRKP
|c 19950417
|g psbo
|
| 801 |
|
1 |
|a RU
|b 63413507
|c 20140410
|
| 801 |
|
2 |
|a RU
|b 63413507
|c 20141004
|g RCR
|
| 942 |
|
|
|c BK
|